00975nam a22002657a 45000010005000000030006000050050017000110080041000280200018000690400029000870500018001160820010001341000024001442450124001682500041002922600034003333000040003675050007004075200168004145210018005825210018006006500029006186500032006477000030006796066FISKH20250305103638.0250305b cb ||||| |||| 00| 0 eng d a9780545569996 aFISKHbengcFISKHdFISKH aPZ7.B174297 P a813.6 aBaker, Kimd(1970-) aPickle :bThe (formerly) anonymous prank club of fountain point middle school /cKim Baker ; Illustrated by Tim Probert aThis edition first published in 2013 aNew York :bScholastic,c2012 a233 pages :billustrations ;c20 cm aR  aUsing a bogus name, the League of Picklemakers, sixth-grader Ben and three recruits start a prank-pulling club and receive funding from their middle school's PTA. 8 a700 bLexile 8 aR bRaz-Plus  2HumoraRealistic fiction 2Schools--FictionaBoys Room aProbert, Timdillustrator